000 00575cam a22002053a 4500
001 45823
003 PGUSA
005 20140828084050.0
008 140530s2014||||xxu|||||s|||||000 | eng d
040 _aPGUSA
_beng
042 _adc
100 1 _aNewman, Charles Robert
245 1 0 _aEssays in Rationalism
_h[electronic resource] /
_cCharles Robert Newman
260 _bProject Gutenberg,
_c2014
506 _aPublic domain in the USA.
516 _aElectronic text
830 0 _aProject Gutenberg
_v45823
856 4 0 _uhttp://www.gutenberg.org/ebooks/45823
942 _cEB
999 _c275073
_d275073